[Event "Titled Tuesday intern op 18th Jun Early"]
[Site "Chess.com INT"]
[Date "2024.06.18"]
[Round "1"]
[White "Denishev, Marat"]
[Black "Buenafe Moya, Javier"]
[Result "1-0"]
[WhiteElo "2111"]
[BlackElo "2199"]
[PlyCount "41"]
[EventDate "2024.06.18"]
[EventType "swiss (blitz)"]
[EventRounds "11"]
[EventCountry "USA"]
[SourceTitle "EXT 2025"]
[Source "ChessBase"]
[SourceDate "2024.10.14"]
[SourceVersion "1"]
[SourceVersionDate "2024.10.14"]
[SourceQuality "1"]

1. d4 d5 2. Nf3 Nf6 3. c4 e6 4. Nc3 Bb4 5. Bg5 h6 6. Bxf6 Qxf6 7. e3 0-0 8. Rc1 b6 9. cxd5 exd5 10. Qb3 a5 11. a3 Bd6 12. Qxd5 c6 13. Qb3 b5 14. Ne4 Qe7 15. Nxd6 Qxd6 16. Bd3 a4 17. Qc2 Bg4 18. Ne5 Bd7 19. Bh7+ Kh8 20. Be4 Rc8 21. Nxf7+ 1-0

[Event "Titled Tuesday intern op 18th Jun Early"]
[Site "Chess.com INT"]
[Date "2024.06.18"]
[Round "9"]
[White "Omariev, Maksim"]
[Black "Buenafe Moya, Javier"]
[Result "0-1"]
[WhiteElo "2304"]
[BlackElo "2199"]
[PlyCount "56"]
[EventDate "2024.06.18"]
[EventType "swiss (blitz)"]
[EventRounds "11"]
[EventCountry "USA"]
[SourceTitle "EXT 2025"]
[Source "ChessBase"]
[SourceDate "2024.10.14"]
[SourceVersion "1"]
[SourceVersionDate "2024.10.14"]
[SourceQuality "1"]

1. g4 d5 2. Bg2 Bxg4 3. c4 Nf6 4. Qb3 Bd7 5. cxd5 Na6 6. d4 Rb8 7. Nc3 e6 8. a3 Be7 9. Bf4 h6 10. Nf3 0-0 11. Rg1 exd5 12. Nxd5 Be6 13. Nxe7+ Qxe7 14. Qa4 Rbd8 15. 0-0-0 Ne4 16. Be3 c5 17. Ne5 cxd4 18. Bxd4 Nec5 19. Bxc5 Qxc5+ 20. Kb1 Qxe5 21. Bxb7 Nc5 22. Qxa7 Rxd1+ 23. Rxd1 Qxe2 24. Rc1 Nb3 25. Rg1 Bf5+ 26. Ka2 Qc4 27. Ba6 Nc1+ 28. Ka1 Qa2# 0-1

[Event "Titled Tuesday intern op 04th Jun Late"]
[Site "Chess.com INT"]
[Date "2024.06.04"]
[Round "2"]
[White "Antunez, Soler Luis"]
[Black "Buenafe Moya, Javier"]
[Result "0-1"]
[WhiteElo "2200"]
[BlackElo "2199"]
[PlyCount "56"]
[EventDate "2024.06.04"]
[EventType "swiss (blitz)"]
[EventRounds "11"]
[EventCountry "USA"]
[SourceTitle "EXT 2025"]
[Source "ChessBase"]
[SourceDate "2024.10.14"]
[SourceVersion "1"]
[SourceVersionDate "2024.10.14"]
[SourceQuality "1"]

1. e4 e5 2. Nf3 Nc6 3. Bc4 Bc5 4. b4 Bxb4 5. c3 Bc5 6. d4 exd4 7. cxd4 Bb4+ 8. Kf1 Nf6 9. d5 Na5 10. Bd3 b6 11. Bb2 0-0 12. Nd4 Re8 13. Qf3 Bd6 14. Nf5 Be5 15. Bxe5 Rxe5 16. Qg3 Rxf5 17. exf5 Nxd5 18. Qe5 Bb7 19. Nd2 d6 20. Qb2 Qg5 21. Nf3 Qh5 22. Re1 Nf4 23. Be4 Bxe4 24. Rxe4 Qxf5 25. Rd4 c5 26. Ra4 Re8 27. Ne1 Rxe1+ 28. Kxe1 Nd3+ 0-1